A melhor banda do mundo (Record no. 62187)

MARC details
000 -LÍDER
campo de controle de tamanho fixo 00394 a2200169 4500
001 - NÚMERO DE CONTROLE
campo de controle 62187
020 ## - ISBN - INTERNATIONAL STANDARD BOOK NUMBER
ISBN - International Standard Book Number 9788516076917
040 ## - FONTE DA CATALOGAÇÃO
Instituição que transcreveu o registro Anchieta - Pituba
100 ## - ENTRADA PRINCIPAL--NOME PESSOAL
Nome pessoal Leite, Maristela Pretili de Almeida
240 10 - TÍTULO UNIFORME
Título uniforme A melhor banda do mundo
Idioma da obra por
245 10 - TÍTULO
Título A melhor banda do mundo
300 ## - DESCRIÇÃO FÍSICA
Extensão 214
362 0# - DATAS DE PUBLICAÇÃO E/OU DESIGNAÇÃO SEQUENCIAL
Datas de publicação e/ou designação sequencial 2012
440 #1 - DECLARAÇÃO DE SÉRIE/ENTRADA ADICIONADA--TÍTULO
Título Moderna
650 #4 - ASSUNTO--TERMO TÓPICO
Cabeçalho tópico ou nome geográfico Literatura juvenil
942 ## - ELEMENTOS DE ENTRADA ADICIONADOS (KOHA)
Tipo de material Koha Livros
Holdings
Situação do descarte Situação das perdas Situação física Não pode ser emprestado Biblioteca de origem Biblioteca atual Data de aquisição Total de empréstimos Número de chamada completo Código de barras Data de último acesso Data do preço efetivo Tipo de material Koha
        Colégio Anchieta - Pituba Colégio Anchieta - Pituba 21/11/2023   LJ 028.5 M385m MAR MEL 14816/PIT 21/11/2023 21/11/2023 Livros
        Colégio Anchieta - Pituba Colégio Anchieta - Pituba 21/11/2023   LJ 028.5 M385m MAR MEL 14817/PIT 21/11/2023 21/11/2023 Livros